000 00873nam a2200217Ia 4500
003 OSt
005 20251015113550.0
008 220922b |||||||| |||| 00| 0 hin d
037 _cTB
040 _aARTS
_cARTS
_bhin
041 _2hin
_ahin
084 _aO152,1K83:g L3
_qAL
100 _aशर्मा, राम गोपाल, दिनेश, संपा.
_9848375
245 0 _aसूरति मिश्र का अज्ञात काव्य
246 _aSūrati mishra kā ajnyāt kāvya
260 _aजयपुर
_b रोशनलाल शर्मा एण्ड संस
_c1973
300 _a248 पृ.
_ccm.
650 _aहिन्दी साहित्य
_9156264
942 _hO152,1K83:g L3
_cTB
_2CC
_n0
999 _c330768
_d330768